Sports Quiz

Random Sports Quiz
Score 0/23 Timer 05:00
0 Plays Today
Current league Answer % Correct
Premier LeagueManchester City
98.7%
Premier LeagueManchester United
98.2%
Premier LeagueLiverpool
98.2%
Premier LeagueArsenal
97.1%
Premier LeagueChelsea
95.9%
Premier LeagueTottenham Hotspur
90.6%
Premier LeagueAston Villa
86.6%
ChampionshipLeeds United
85%
Premier LeagueLeicester City
70.1%
ChampionshipBirmingham City
69.2%
ChampionshipSwansea City
63.9%
Premier LeagueWolverhampton Wanderers
63.1%
Current league Answer % Correct
ChampionshipWest Bromwich Albion
60.1%
ChampionshipNottingham Forest
60%
Premier LeagueNorwich City
58.9%
ChampionshipSheffield Wednesday
54.1%
ChampionshipBlackburn Rovers
53.1%
ChampionshipMiddlesbrough
47.2%
ChampionshipStoke City
44.4%
ChampionshipQueens Park Rangers
36.8%
ChampionshipLuton Town
25.2%
League 2Swindon Town
19.5%
League 1Oxford United
17.4%
Remove Ads.
Support Sporcle.
Get the best of Sporcle when you Go Orange. This ad-free experience offers more features, more stats, and more fun while also helping to support Sporcle. Thank you for becoming a member.

You're not logged in!

Compare scores with friends on all Sporcle quizzes.
OR
Log In

Show Comments

Extras

Created Sep 26, 2019ReportNominate
Tags:cup, English, English League, League, team, Won

Top Quizzes Today


Score Distribution

Your Account Isn't Verified!

In order to create a playlist on Sporcle, you need to verify the email address you used during registration. Go to your Sporcle Settings to finish the process.

Report this User

Report this user for behavior that violates our Community Guidelines.

Details: